000 00483nam a2200181Ia 4500
005 20240809060935.0
008 240331s9999 xx 000 0 und d
020 _a9532103282
082 _bKUM
_a398.2
100 _aKumara, V
245 0 _aKuveni of Lanka pura :
_bthe goddess with three breasts and a crystal tongue
260 _aColombo
_bM.D.Gunasena & Co.Ltd
_c1988
300 _axxi, 114 p .,
650 _aCulture
650 _aHistory
650 _aReligion
942 _cL
999 _c2979
_d2979